<?xml version="1.0" encoding="UTF-8"?>
<record
    xmlns:xsi="http://www.w3.org/2001/XMLSchema-instance"
    xsi:schemaLocation="http://www.loc.gov/MARC21/slim http://www.loc.gov/standards/marcxml/schema/MARC21slim.xsd"
    xmlns="http://www.loc.gov/MARC21/slim">

  <leader>00237nam a22001097a 4500</leader>
  <datafield tag="040" ind1=" " ind2=" ">
    <subfield code="c">SK</subfield>
  </datafield>
  <datafield tag="082" ind1=" " ind2=" ">
    <subfield code="a">005</subfield>
  </datafield>
  <datafield tag="100" ind1=" " ind2=" ">
    <subfield code="a">&#x1798;&#x17C9;&#x17C5; &#x178E;&#x17B6;&#x179A;&#x17C9;&#x17B6;</subfield>
  </datafield>
  <datafield tag="245" ind1=" " ind2=" ">
    <subfield code="a">Microsoft Excel for windows 95</subfield>
  </datafield>
  <datafield tag="260" ind1=" " ind2=" ">
    <subfield code="a">RUA</subfield>
    <subfield code="b">&#x1798;&#x17C9;&#x17C5;</subfield>
    <subfield code="c">1948</subfield>
  </datafield>
  <datafield tag="942" ind1=" " ind2=" ">
    <subfield code="c">KB</subfield>
  </datafield>
  <datafield tag="999" ind1=" " ind2=" ">
    <subfield code="c">8522</subfield>
    <subfield code="d">8522</subfield>
  </datafield>
  <datafield tag="952" ind1=" " ind2=" ">
    <subfield code="0">0</subfield>
    <subfield code="1">0</subfield>
    <subfield code="4">0</subfield>
    <subfield code="6">005_000000000000000_&#x1798;&#x17C5;_1948_C001</subfield>
    <subfield code="7">0</subfield>
    <subfield code="9">48672</subfield>
    <subfield code="a">LBC</subfield>
    <subfield code="b">LBC</subfield>
    <subfield code="c">C001</subfield>
    <subfield code="d">2016-08-03</subfield>
    <subfield code="o">005 &#x1798;&#x17C9;&#x17C5; 1948 C001</subfield>
    <subfield code="p">RUA062605</subfield>
    <subfield code="r">2016-08-03</subfield>
    <subfield code="y">KB</subfield>
  </datafield>
  <datafield tag="952" ind1=" " ind2=" ">
    <subfield code="0">0</subfield>
    <subfield code="1">0</subfield>
    <subfield code="4">0</subfield>
    <subfield code="6">005_000000000000000_&#x1798;&#x17C5;_1948_C001</subfield>
    <subfield code="7">0</subfield>
    <subfield code="9">48673</subfield>
    <subfield code="a">LBC</subfield>
    <subfield code="b">LBC</subfield>
    <subfield code="c">C001</subfield>
    <subfield code="d">2016-08-03</subfield>
    <subfield code="o">005 &#x1798;&#x17C9;&#x17C5; 1948 C001</subfield>
    <subfield code="p">RUA061552</subfield>
    <subfield code="r">2016-08-03</subfield>
    <subfield code="y">KB</subfield>
  </datafield>
  <datafield tag="952" ind1=" " ind2=" ">
    <subfield code="0">0</subfield>
    <subfield code="1">0</subfield>
    <subfield code="4">0</subfield>
    <subfield code="6">005_000000000000000_&#x1798;&#x17C5;_1948_C001</subfield>
    <subfield code="7">0</subfield>
    <subfield code="9">48674</subfield>
    <subfield code="a">LBC</subfield>
    <subfield code="b">LBC</subfield>
    <subfield code="c">C001</subfield>
    <subfield code="d">2016-08-03</subfield>
    <subfield code="o">005 &#x1798;&#x17C9;&#x17C5; 1948 C001</subfield>
    <subfield code="p">RUA42066</subfield>
    <subfield code="r">2016-09-21</subfield>
    <subfield code="y">KB</subfield>
  </datafield>
  <datafield tag="952" ind1=" " ind2=" ">
    <subfield code="0">0</subfield>
    <subfield code="1">0</subfield>
    <subfield code="4">0</subfield>
    <subfield code="6">005_000000000000000_&#x1798;&#x17C5;_1948_C001</subfield>
    <subfield code="7">0</subfield>
    <subfield code="9">48677</subfield>
    <subfield code="a">LBC</subfield>
    <subfield code="b">LBC</subfield>
    <subfield code="c">C001</subfield>
    <subfield code="d">2016-08-03</subfield>
    <subfield code="o">005 &#x1798;&#x17C9;&#x17C5; 1948 C001</subfield>
    <subfield code="p">RUA060615</subfield>
    <subfield code="r">2016-09-21</subfield>
    <subfield code="y">KB</subfield>
  </datafield>
  <datafield tag="952" ind1=" " ind2=" ">
    <subfield code="0">0</subfield>
    <subfield code="1">0</subfield>
    <subfield code="4">0</subfield>
    <subfield code="6">005_000000000000000_&#x1798;&#x17C5;_1948_C001</subfield>
    <subfield code="7">0</subfield>
    <subfield code="9">48679</subfield>
    <subfield code="a">LBC</subfield>
    <subfield code="b">LBC</subfield>
    <subfield code="c">C001</subfield>
    <subfield code="d">2016-08-03</subfield>
    <subfield code="o">005 &#x1798;&#x17C9;&#x17C5; 1948 C001</subfield>
    <subfield code="p">RUA062349</subfield>
    <subfield code="r">2016-08-03</subfield>
    <subfield code="y">KB</subfield>
  </datafield>
  <datafield tag="952" ind1=" " ind2=" ">
    <subfield code="0">0</subfield>
    <subfield code="1">0</subfield>
    <subfield code="4">0</subfield>
    <subfield code="6">005_000000000000000_&#x1798;&#x17C5;_1948_C001</subfield>
    <subfield code="7">0</subfield>
    <subfield code="9">48680</subfield>
    <subfield code="a">LBC</subfield>
    <subfield code="b">LBC</subfield>
    <subfield code="c">C001</subfield>
    <subfield code="d">2016-08-03</subfield>
    <subfield code="o">005 &#x1798;&#x17C9;&#x17C5; 1948 C001</subfield>
    <subfield code="p">RUA047670</subfield>
    <subfield code="r">2016-09-21</subfield>
    <subfield code="y">KB</subfield>
  </datafield>
  <datafield tag="952" ind1=" " ind2=" ">
    <subfield code="0">0</subfield>
    <subfield code="1">0</subfield>
    <subfield code="4">0</subfield>
    <subfield code="6">005_000000000000000_&#x1798;&#x17C5;_1948_C001</subfield>
    <subfield code="7">0</subfield>
    <subfield code="9">48684</subfield>
    <subfield code="a">LBC</subfield>
    <subfield code="b">LBC</subfield>
    <subfield code="c">C001</subfield>
    <subfield code="d">2016-08-03</subfield>
    <subfield code="o">005 &#x1798;&#x17C9;&#x17C5; 1948 C001</subfield>
    <subfield code="p">RUA062363</subfield>
    <subfield code="r">2016-08-03</subfield>
    <subfield code="y">KB</subfield>
  </datafield>
  <datafield tag="952" ind1=" " ind2=" ">
    <subfield code="0">0</subfield>
    <subfield code="1">0</subfield>
    <subfield code="4">0</subfield>
    <subfield code="6">005_000000000000000_&#x1798;&#x17C5;_1948_C001</subfield>
    <subfield code="7">0</subfield>
    <subfield code="9">48685</subfield>
    <subfield code="a">LBC</subfield>
    <subfield code="b">LBC</subfield>
    <subfield code="c">C001</subfield>
    <subfield code="d">2016-08-03</subfield>
    <subfield code="o">005 &#x1798;&#x17C9;&#x17C5; 1948 C001</subfield>
    <subfield code="p">RUA042687</subfield>
    <subfield code="r">2016-09-23</subfield>
    <subfield code="y">KB</subfield>
  </datafield>
</record>
